|
|
|
|
| LEADER |
00875ncm a22002412a 4500 |
| 001 |
001234592 |
| 003 |
CZ BrMZK |
| 005 |
20120726095201.0 |
| 007 |
qu |
| 008 |
120726s1910 gw |||||||||||||||||zxx d |
| 040 |
|
|
|a BOA001
|b cze
|
| 072 |
|
7 |
|a 787
|x Hudba pro strunné a smyčcové nástroje
|2 Konspekt
|9 9
|
| 100 |
1 |
|
|a Rolla, Alessandro,
|d 1757-1841
|7 jn20000604684
|4 cmp
|
| 245 |
1 |
0 |
|a 10 etudes en duos, op. 10
|h [hudebnina] :
|b pour 2 violons /
|c Alessandro Rolla ; rev. et doigtées par A. Schulz
|
| 260 |
|
|
|a Braunschweig :
|b Litolff,
|c [1910?]
|
| 300 |
|
|
|a 19, 15 s.
|
| 490 |
1 |
|
|a Collection Litolff ;
|v Nr. 1127
|
| 700 |
1 |
|
|a Schulz, August,
|d 1837-1909
|7 mzk2010597571
|4 edt
|
| 830 |
|
0 |
|a Collection Litolff
|
| 910 |
|
|
|a BOA001
|b Mus4-0451.015
|
| 990 |
|
|
|a MU
|
| 991 |
|
|
|b 201207
|
| 996 |
6 |
|
|b 2619073301
|c Mus4-0451.015
|l MZK
|r Sklad / do 1 hodiny
|n 0
|w 001268592
|u 000010
|a 1
|e BOA001
|j MZK50
|s P
|